6-Letter Countries per Letter Quiz Stats

 Plays Quiz Updated Aug 20, 2014

Support Sporcle.
Go Orange.
Score 0/17 Timer 03:00
0 Plays Today
Letter 6-Letter Country % Correct
FFrance
88.6%
RRussia, Rwanda
88.4%
GGreece, Guinea, Guyana, Gambia
86.6%
BBelize, Bhutan, Brazil, Brunei
86.2%
ZZambia
84.7%
TTaiwan, Turkey, Tuvalu
81%
MMalawi, Mexico, Monaco
80.1%
CCanada, Cyprus
79.2%
PPoland, Panama
78.6%
Letter 6-Letter Country % Correct
UUganda
75%
SSerbia, Sweden
74.8%
KKosovo, Kuwait
70.9%
JJordan
69.2%
NNorway
65.6%
LLatvia
65.4%
IIsrael
62.8%
AAngola
60.4%

You're not logged in!

Compare scores with friends on all Sporcle quizzes.
OR
Log In

From the Vault

Most Popular Websites (A-Z)

by gwukelic

We can't believe that AltaVista failed to make the list.
Remove Ads.
Support Sporcle.
Get the best of Sporcle when you Go Orange. This ad-free experience offers more features, more stats, and more fun while also helping to support Sporcle. Thank you for becoming a member.

Show Comments

Extras

Top Quizzes Today


Score Distribution

Your Account Isn't Verified!

In order to create a playlist on Sporcle, you need to verify the email address you used during registration. Go to your Sporcle Settings to finish the process.

Report this User

Report this user for behavior that violates our Community Guidelines.

Details: